000 00536nam a22001817a 4500
005 20251108170932.0
008 250721s1996 xx 000 0 ara d
082 1 4 _aط/599/غني
100 1 _aغنيم، كارم
245 1 0 _aالجمل :
_bسفينة 1 /
264 1 _aالقاهره :
_bدار الفكر العربي،
_c1996.
490 0 _aسلسلة كتب التماسيح للفتيان ؛ 10
650 1 7 _aالإبل
650 1 7 _aالحيوانات
650 1 7 _aالثديات
942 _2ddc
_cBK
999 _c52498
_d52498